| 000 | 00937nam a2200289 i 4500 | ||
|---|---|---|---|
| 999 |
_c200440115 _d58327 |
||
| 003 | TR-AnTOB | ||
| 005 | 20240425162607.0 | ||
| 007 | ta | ||
| 008 | 210326s1985 tu g 00| 0 tur d | ||
| 040 |
_aTR-AnTOB _beng _erda _cTR-AnTOB |
||
| 041 | _atur | ||
| 050 | 4 |
_aTH435 _b.D56 1985 |
|
| 090 |
_aTH435 _b.D56 1985 |
||
| 100 | 1 |
_aDinç, Tuğyan _eauthor _9129603 |
|
| 245 | 1 | 0 |
_aKonut yapımı maliyet analizi / _cTuğyan Dinç. |
| 264 | 1 |
_aAnkara : _bTÜBİTAK Yapı Araştırma Enstitüsü, _c1985. |
|
| 300 |
_a78 pages ; _c28 cm |
||
| 336 |
_2rdacontent _atext _btxt |
||
| 337 |
_2rdamedia _aunmediated _bn |
||
| 338 |
_2rdacarrier _avolume _bnc |
||
| 490 | 0 |
_aTürkiye Bilimsel ve Teknik Araştırma Kurumu Yapı Araştırma Enstitüsü ; _vYayın no. a60. |
|
| 504 | _aBIB | ||
| 650 | 7 |
_aYapı _xMaliyet tahminleri _zTürkiye _2etuturkob _976099 |
|
| 942 |
_2lcc _cBK |
||